| 000 | 00958nam a2200325Ia 4500 | ||
|---|---|---|---|
| 003 | OSt | ||
| 005 | 20220912145037.0 | ||
| 006 | a|||||r|||| 00| 0 | ||
| 007 | ta | ||
| 008 | 220909b |||||||| |||| 00| 0 eng d | ||
| 020 | _a9781841697567 (pbk) | ||
| 024 | _a82544 | ||
| 037 | _b310, 17/12/2008, Total Book | ||
| 037 | _cTextbook | ||
| 040 |
_aCSL _beng _cCSL |
||
| 041 | _aeng | ||
| 082 | _aB284, P9 TB | ||
| 100 | _aHeck Ronald H | ||
| 245 | 0 | _aIntroduction to multilevel modeling techniques | |
| 250 | _a2 | ||
| 260 |
_aNew York _bRoutledge _c2009 |
||
| 300 |
_axi, 268p. _ccm. |
||
| 490 | _aQuantitative methodology series | ||
| 500 | _aReferences 252-259p.; Index 260-268p. | ||
| 650 | _a Social sciences-mathematical models | ||
| 650 | _aModeling | ||
| 700 | _a Thomas Scott L | ||
| 942 |
_hB284, P9 TB _cTB _2CC |
||
| 999 |
_c21683 _d21683 |
||